Big cats : (Record no. 1115)

MARC details
000 -LEADER
fixed length control field 01302cam a22003257a 4500
005 - DATE AND TIME OF LATEST TRANSACTION
control field 20260322212047.0
008 - FIXED-LENGTH DATA ELEMENTS--GENERAL INFORMATION
fixed length control field data
010 ## - LIBRARY OF CONGRESS CONTROL NUMBER
LC control number 2011936389
020 ## - INTERNATIONAL STANDARD BOOK NUMBER
International Standard Book Number 9780500650042 (trade)
020 ## - INTERNATIONAL STANDARD BOOK NUMBER
International Standard Book Number 0500650047 (trade)
020 ## - INTERNATIONAL STANDARD BOOK NUMBER
International Standard Book Number 0500650047
040 ## - CATALOGING SOURCE
Original cataloging agency BTCTA
Language of cataloging eng
Transcribing agency BTCTA
Modifying agency DLC
-- BKX
-- IFJ
-- JRS
-- DLC
042 ## - AUTHENTICATION CODE
Authentication code lccopycat
050 00 - LIBRARY OF CONGRESS CALL NUMBER
Classification number QL737.C23
Item number B625 2012
082 04 - DEWEY DECIMAL CLASSIFICATION NUMBER
Classification number 599.75
Edition information 23
092 ## - LOCALLY ASSIGNED DEWEY CALL NUMBER (OCLC)
Classification number 599.75 Blo 2012
001 - CONTROL NUMBER
control field data
100 1# - MAIN ENTRY--PERSONAL NAME
Personal name Bloom, Steve,
Dates associated with a name 1953-
245 10 - TITLE STATEMENT
Title Big cats :
Remainder of title in search of lions, leopards, cheetahs, and tigers /
Statement of responsibility, etc. Steve Bloom.
260 ## - PUBLICATION, DISTRIBUTION, ETC.
Place of publication, distribution, etc. New York :
Name of publisher, distributor, etc. Thames & Hudson,
Date of publication, distribution, etc. 2012.
300 ## - PHYSICAL DESCRIPTION
Extent 48 p. :
Other physical details ill. (chiefly col.), map ;
Dimensions 27 cm.
500 ## - GENERAL NOTE
General note Includes index.
520 ## - SUMMARY, ETC.
Summary, etc. Recounts an expedition through Africa and Asia in which the wildlife photographer author sets out to photograph lions, leopards, cheetahs, and tigers, offering photographs and facts about the big cats as well as tips on photographing wildlife--
Assigning source Source other than Library of Congress.
650 #0 - SUBJECT ADDED ENTRY--TOPICAL TERM
Topical term or geographic name entry element Felidae
Form subdivision Juvenile literature.
650 #1 - SUBJECT ADDED ENTRY--TOPICAL TERM
Topical term or geographic name entry element Cat family (Mammals)
906 ## - LOCAL DATA ELEMENT F, LDF (RLIN)
a 7
b cbc
c copycat
d 2
e epcn
f 20
g y-gencatlg
925 0# -
-- acquire
-- 1 shelf copies
-- policy default
Holdings
Withdrawn status Lost status Damaged status Not for loan Home library Current library Shelving location Date acquired Total checkouts Full call number Barcode Date last seen Price effective from Koha item type
        Fairview Fairview General stacks 22/03/2026   599.75 23 BC0011151 22/03/2026 22/03/2026 Books